[Event "AUTO-INT-3717"]
[Site "http://www.queenalice.com/game.php?id=1775315"]
[Date "2021.11.20"]
[Round "1"]
[White "Carlos19"]
[Black "saturnin"]
[Result "1-0"]
[WhiteElo "1443"]
[BlackElo "1532"]

1. e4 d6 2. Bc4 e6 3. d4 d5 4. exd5 exd5 5. Bb3 c6 6. Qe2+ Be7 7. Nf3 Nf6 8. c4
O-O 9. Nc3 Be6 10. Qd3 Bb4 11. Ng5 dxc4 12. Bxc4 Bxc3+ 13. Qxc3 Bd5 14. O-O b5
15. Bxd5 Nxd5 16. Qd3 Nf6 17. Bf4 a5 18. h4 Qd7 19. h5 h6 20. Ne4 Nxh5 21. Bxb8
Raxb8 22. Nc5 Qd6 23. Rfe1 Rbd8 24. Nb7 Qc7 25. Nxd8 Rxd8 26. Rad1 Qb6 27. Qf5
g6 28. Qe5 Rf8 29. d5 Rd8 30. d6 g5 31. g4 Nf4 32. Rf1 c5 33. d7 Ne6 34. Rd6 Qc7
35. Rfd1 Kh7 36. Qf6 Qb7 37. Qxf7+ Ng7 38. Qf6 c4 39. Qxd8 1-0

[Event "AUTO-INT-3717"]
[Site "http://www.queenalice.com/game.php?id=1775316"]
[Date "2021.11.20"]
[Round "1"]
[White "saturnin"]
[Black "Carlos19"]
[Result "1-0"]
[WhiteElo "1491"]
[BlackElo "1433"]

1. d4 d5 2. Qd3 g6 3. e4 e6 4. Qe3 Nf6 5. e5 Ng4 6. Qf3 h5 7. Be2 Nc6 8. c3 a6
9. Nh3 Be7 10. O-O Bd7 11. Qf4 O-O 12. Bxg4 hxg4 13. Qxg4 Kg7 14. b4 a5 15. b5
Na7 16. Bg5 Nxb5 17. a4 Na7 18. Nd2 c5 19. dxc5 Bxg5 20. Nxg5 f6 21. exf6+ Qxf6
22. Qh4 Rh8 23. Qg3 d4 24. Nde4 e5 25. Nxf6 Kxf6 26. cxd4 exd4 27. Qf4+ Bf5 28.
Ne4+ Kg7 29. Nd6 Nc6 30. Nxf5+ Kg8 31. Qd6 Rd8 32. Qxg6+ Kf8 33. Qg7+ 1-0

[Event "AUTO-INT-3717"]
[Site "http://www.queenalice.com/game.php?id=1775327"]
[Date "2021.11.20"]
[Round "1"]
[White "saturnin"]
[Black "marcoswerneck"]
[Result "0-1"]
[WhiteElo "1512"]
[BlackElo "1664"]

1. c4 e5 2. e4 Bc5 3. Nf3 Bd4 4. Nxd4 exd4 5. Bd3 c5 6. a3 Nc6 7. Qa4 Qe7 8. O-O
d6 9. b4 Bd7 10. b5 Ne5 11. Be2 d3 12. Bd1 Nf6 13. Qb3 b6 14. Bb2 Nxe4 15. a4
Be6 16. Bxe5 dxe5 17. a5 Rd8 18. axb6 axb6 19. Bf3 Nd6 20. Bd5 O-O 21. Bxe6 Qxe6
22. Rc1 e4 23. Ra6 Nf5 24. Re1 Nd4 25. Qa2 Nxb5 26. Qa5 Qxc4 27. Rxb6 Nd4 28.
Nc3 Ne2+ 29. Nxe2 dxe2 30. Rb5 Qc2 31. Rxc5 Qxd2 32. Qxd2 Rxd2 33. Re5 Rd1 0-1

[Event "AUTO-INT-3717"]
[Site "http://www.queenalice.com/game.php?id=1775328"]
[Date "2021.11.20"]
[Round "1"]
[White "marcoswerneck"]
[Black "saturnin"]
[Result "1-0"]
[WhiteElo "1711"]
[BlackElo "1498"]

1. e4 d6 2. d4 Nf6 3. Nc3 e6 4. Nf3 Be7 5. e5 dxe5 6. dxe5 Nd5 7. Be2 c6 8. Nxd5
cxd5 9. O-O Nc6 10. a3 O-O 11. c3 a6 12. Bd3 b5 13. Be3 Bb7 14. b4 Qc7 15. Bf4
Rad8 16. Qc2 Qb6 17. Bxh7+ Kh8 18. Bd3 Rc8 19. Qd2 d4 20. cxd4 Nxd4 21. Nxd4 Ba8
22. Bh6 Rg8 23. Nf3 g6 24. Bg5 Bd8 25. Bf6+ Bxf6 26. Qh6# 1-0

[Event "AUTO-INT-3721"]
[Site "http://www.queenalice.com/game.php?id=1776296"]
[Date "2021.12.5"]
[Round "1"]
[White "saturnin"]
[Black "zmanomega"]
[Result "1-0"]
[WhiteElo "1497"]
[BlackElo "1544"]

1. c4 e5 2. e4 Bb4 3. Nf3 f6 4. Bd3 Nc6 5. a3 Bc5 6. O-O d6 7. b4 Bd4 8. Nxd4
exd4 9. b5 Ne5 10. Qc2 Ng4 11. Qb2 Ne7 12. Qxd4 O-O 13. Be2 Nxh2 14. Kxh2 Ng6
15. d3 Qe8 16. Bb2 Nf4 17. Qe3 g5 18. Bd1 h5 19. Bb3 h4 20. g3 hxg3+ 21. fxg3
Qh5+ 22. Kg1 Ne2+ 23. Kg2 Qh3+ 24. Kf3 Bg4+ 25. Kf2 Qh2+ 26. Ke1 Nxg3 27. Rg1
Ne2 28. c5+ Kg7 29. Rxg4 Nf4 30. Ra2 Ng2+ 31. Rxg2 Qxg2 32. cxd6 cxd6 33. Bxf6+
Rxf6 34. Rxg2 1-0

[Event "AUTO-INT-3721"]
[Site "http://www.queenalice.com/game.php?id=1776297"]
[Date "2021.12.5"]
[Round "1"]
[White "zmanomega"]
[Black "saturnin"]
[Result "1-0"]
[WhiteElo "1489"]
[BlackElo "1502"]

1. e4 e5 2. d4 exd4 3. c3 dxc3 4. Bc4 c6 5. Qf3 Qe7 6. bxc3 b5 7. Bb3 Bb7 8. Bc2
a5 9. Ne2 c5 10. Ng3 Nf6 11. Bb2 Nc6 12. Nf5 Qe6 13. Nd2 c4 14. a4 b4 15. O-O
bxc3 16. Bxc3 Bc5 17. Nxg7+ Kd8 18. Nxe6+ dxe6 19. Qxf6+ Kc7 20. Qxf7+ Ne7 21.
Be5+ Bd6 22. Nxc4 Bxe5 23. Nxe5 Kd6 24. Nc4+ Kc5 25. Qxe7+ Kxc4 26. Qxb7 h5 27.
Qb3+ Kd4 28. Rad1+ Ke5 29. f4+ Kf6 30. Rd7 Rab8 31. e5# 1-0

[Event "AUTO-INT-3721"]
[Site "http://www.queenalice.com/game.php?id=1776300"]
[Date "2021.12.5"]
[Round "1"]
[White "saturnin"]
[Black "Ruusgugg"]
[Result "1-0"]
[WhiteElo "1515"]
[BlackElo "1391"]

1. d4 b5 2. e4 Bb7 3. d5 c5 4. Nf3 e6 5. b3 Qa5+ 6. Bd2 b4 7. a3 exd5 8. exd5
Bxd5 9. c3 c4 10. cxb4 Qc7 11. Qc2 Na6 12. bxc4 Rc8 13. c5 Nb8 14. Nd4 Qe5+ 15.
Be2 Qxd4 16. Bc3 Qf4 17. O-O Qg5 18. f3 Rc6 19. Nd2 Rg6 20. g3 d6 21. Qa4+ Bc6
22. Qxa7 Qe3+ 23. Rf2 Qxc3 24. Qxb8+ Ke7 25. Ne4 Qxa1+ 26. Rf1 Qxa3 27. cxd6+
Ke6 28. Qxf8 Qe3+ 29. Rf2 f5 30. Bc4+ Kd7 31. Nc5+ Qxc5 32. Qf7+ Kc8 33. bxc5
Rf6 34. Qc7# 1-0

[Event "AUTO-INT-3721"]
[Site "http://www.queenalice.com/game.php?id=1776301"]
[Date "2021.12.5"]
[Round "1"]
[White "Ruusgugg"]
[Black "saturnin"]
[Result "1-0"]
[WhiteElo "1401"]
[BlackElo "1502"]

1. b4 b5 2. Bb2 Ba6 3. a4 e6 4. axb5 Bxb5 5. Ra5 c6 6. Nc3 Qb6 7. Qa1 Nf6 8. f3
a6 9. Nxb5 cxb5 10. Bc3 Be7 11. g4 Nc6 12. g5 Nxa5 13. bxa5 Qc5 14. gxf6 Bf8 15.
fxg7 Rg8 16. d4 Qc6 17. gxf8=Q+ Kxf8 18. Bb4+ Ke8 19. d5 Qxd5 20. Qf6 d6 21. e4
Qa2 22. Bxd6 Qb1+ 23. Kf2 Qxc2+ 24. Ne2 Ra7 25. Rg1 Rd7 26. Rxg8# 1-0

[Event "MrChessgrandmaster"]
[Site "http://www.queenalice.com/game.php?id=1776746"]
[Date "2021.12.10"]
[Round "-"]
[White "zubarev"]
[Black "saturnin"]
[Result "1-0"]
[WhiteElo "2062"]
[BlackElo "1515"]

1. d4 d5 2. Nc3 c6 3. Nf3 Qc7 4. e3 b5 5. Bd3 b4 6. Ne2 a5 7. O-O c5 8. Ne5 e6
9. f4 Nf6 10. Bd2 c4 11. Qb1 cxd3 12. cxd3 Bd6 13. Rc1 Qb7 14. Ng3 O-O 15. e4
Qe7 16. Nxf7 Qxf7 17. e5 Bc7 18. exf6 gxf6 19. Qc2 Na6 20. a3 Qg6 21. Re1 h5 22.
Rf1 Qg4 23. Be3 Bd8 24. Qc6 Nc7 25. axb4 h4 26. Nh1 Qe2 27. Bf2 Qxd3 28. Bxh4
Qxd4+ 29. Bf2 Qxb4 30. Bc5 Qb5 31. Qxb5 Nxb5 32. Bxf8 Kxf8 33. Ng3 Bb6+ 34. Kh1
d4 35. f5 e5 36. Ne4 Kf7 37. Rf3 Bb7 38. Re1 a4 39. Rh3 Bd5 40. Rh7+ Kg8 41.
Nxf6+ Kf8 42. Nxd5 Bc5 43. Rh8+ Kf7 44. Rxa8 a3 45. bxa3 Nxa3 46. Ra5 Nc2 47.
Rxe5 Bd6 48. Ra7+ Kg8 49. Re8+ Bf8 50. Raa8 Kf7 51. Rxf8+ Kg7 52. Rfc8 Ne3 53.
Nxe3 dxe3 54. Rc6 1-0

[Event "Challenge"]
[Site "http://www.queenalice.com/game.php?id=1776825"]
[Date "2021.12.10"]
[Round "-"]
[White "Renie"]
[Black "saturnin"]
[Result "0-1"]
[WhiteElo "1370"]
[BlackElo "1513"]

1. c4 e5 2. Nc3 c5 3. g3 Nf6 4. Bg2 Be7 5. d3 O-O 6. Ne4 b6 7. Nxf6+ Bxf6 8.
Bxa8 Re8 9. Bd5 d6 10. h4 Qc7 11. Bd2 a5 12. h5 Bg4 13. h6 e4 14. Bxe4 g6 15.
Rh4 Qc8 16. Rb1 Bxh4 17. gxh4 Nd7 18. Bd5 Kf8 19. Bc3 Qd8 20. d4 Qe7 21. Bf3
Bxf3 22. Nxf3 Nf6 23. a4 Ng4 24. b3 Nxf2 25. Kxf2 Qe3+ 26. Kf1 Qxc3 27. Ng5 cxd4
28. Nxh7+ Ke7 29. Qe1 Qh3+ 30. Kg1 f5 31. Ng5 Qg4+ 32. Kh2 Kf6 33. h7 Rxe2+ 34.
Qxe2 Qxe2+ 35. Kg1 Kg7 36. Rf1 Qg4+ 37. Kf2 Qxh4+ 38. Ke2 Qxg5 0-1

[Event "AUTO-INT-3725"]
[Site "http://www.queenalice.com/game.php?id=1777491"]
[Date "2021.12.17"]
[Round "1"]
[White "saturnin"]
[Black "Castling"]
[Result "0-1"]
[WhiteElo "1464"]
[BlackElo "1682"]

1. d4 g6 2. d5 Bg7 3. c4 b6 4. e4 Bb7 5. Nf3 e5 6. b4 Qe7 7. a3 Nf6 8. Qd3 d6 9.
Be2 Nbd7 10. b5 Nc5 11. Qc2 Nfxe4 12. Bd3 Nxd3+ 13. Qxd3 Nc5 14. Qc3 e4 15. Qxg7
exf3+ 16. Be3 Nd3+ 17. Kf1 fxg2+ 18. Kxg2 O-O-O 19. Qc3 Qe4+ 20. Kg1 Qg4+ 21.
Kf1 Ne5 22. h3 Qf3 23. Bd4 Qxh1+ 24. Ke2 Rhe8 25. Kd2 Nf3+ 26. Kc2 Nxd4+ 27.
Qxd4 Re2+ 28. Kb3 Qf3+ 29. Kb4 Rxf2 30. Nc3 Rb2+ 0-1

[Event "AUTO-INT-3725"]
[Site "http://www.queenalice.com/game.php?id=1777492"]
[Date "2021.12.17"]
[Round "1"]
[White "Castling"]
[Black "saturnin"]
[Result "1-0"]
[WhiteElo "1671"]
[BlackElo "1472"]

1. e4 d6 2. Nc3 e5 3. h3 Nf6 4. d3 Be7 5. Nf3 O-O 6. Nd5 Nxd5 7. exd5 c6 8. h4
cxd5 9. d4 e4 10. Nd2 a6 11. Nb3 b5 12. Be3 Bd7 13. Be2 a5 14. Nd2 b4 15. b3 a4
16. Bg4 Bf6 17. Bxd7 Nxd7 18. Qg4 g6 19. Bh6 Re8 20. O-O Bxh4 21. Qh3 Bf6 22.
Qe3 Bg7 23. Rfe1 f5 24. Bxg7 Kxg7 25. Nf1 axb3 26. axb3 h5 27. Nh2 Qh4 28. Rec1
Nf6 29. Qe2 Re7 30. Rxa8 Rc7 31. g3 1-0

[Event "AUTO-INT-3725"]
[Site "http://www.queenalice.com/game.php?id=1777493"]
[Date "2021.12.17"]
[Round "1"]
[White "saturnin"]
[Black "SGF"]
[Result "0-1"]
[WhiteElo "1495"]
[BlackElo "1844"]

1. e4 e5 2. d4 Qf6 3. d5 Bc5 4. Nf3 d6 5. a3 Bg4 6. Be2 h6 7. b4 Bd4 8. Nxd4
Bxe2 9. Nxe2 Nd7 10. O-O a5 11. b5 a4 12. c4 Nc5 13. Qc2 Nb3 14. Ra2 Nd4 15.
Nxd4 exd4 16. Bb2 c5 17. bxc6 bxc6 18. dxc6 Ne7 19. Rd1 Nxc6 20. Qd3 O-O 21.
Bxd4 Nxd4 22. Qxd4 Rfe8 23. Qxf6 gxf6 24. f3 Rab8 25. Nc3 Ra8 26. g4 Re6 27. Rd5
Rc8 28. Nxa4 Rxc4 29. Nb6 Rc3 30. Kg2 Rb3 31. Nc8 Re3 32. Rxd6 Rxd6 33. Nxd6 Kf8
34. a4 Ke7 35. Nf5+ Ke6 36. Nxe3 Ke5 0-1

[Event "AUTO-INT-3725"]
[Site "http://www.queenalice.com/game.php?id=1777494"]
[Date "2021.12.17"]
[Round "1"]
[White "SGF"]
[Black "saturnin"]
[Result "1-0"]
[WhiteElo "1652"]
[BlackElo "1526"]

1. e4 c5 2. Qf3 Nc6 3. c3 a6 4. Be2 Ne5 5. Qf5 d6 6. Bb5+ axb5 7. Qf4 Nf6 8. f3
Qc7 9. Nh3 d5 10. O-O dxe4 11. fxe4 b6 12. d4 cxd4 13. cxd4 Nd3 14. Qxc7 Nxc1
15. Qc6+ Nd7 16. Qxa8 e6 17. Qxc8+ Ke7 18. Qxc1 f6 19. Nc3 b4 20. Nb5 g5 21. e5
fxe5 22. Qxg5+ Ke8 23. Nc7# 1-0

[Event "Kasparov contra o mundo!"]
[Site "http://www.queenalice.com/game.php?id=1777835"]
[Date "2021.12.20"]
[Round "-"]
[White "zubarev"]
[Black "saturnin"]
[Result "1-0"]
[WhiteElo "2028"]
[BlackElo "1509"]

1. e4 e5 2. Nf3 d6 3. Bc4 Qe7 4. O-O Be6 5. Bxe6 Qxe6 6. Nc3 Nf6 7. d3 Be7 8.
Bg5 O-O 9. Re1 c6 10. d4 exd4 11. Nxd4 Qd7 12. f4 c5 13. Nf5 Re8 14. Qf3 a6 15.
Bxf6 Bxf6 16. Rad1 Re6 17. Nd5 Bd8 18. Qg4 Rg6 19. Qf3 b5 20. Ng3 Bh4 21. Nb6
Qb7 22. Nxa8 Qxa8 23. Rd5 Nc6 24. Red1 Nd4 25. Qf2 Bxg3 26. hxg3 Re6 27. c3 Rxe4
28. Rxd6 Ne2+ 29. Kf1 g6 30. Rd8+ 1-0

[Event "AUTO-INT-3728"]
[Site "http://www.queenalice.com/game.php?id=1778325"]
[Date "2021.12.26"]
[Round "1"]
[White "saturnin"]
[Black "SamuraiJOM"]
[Result "0-1"]
[WhiteElo "1507"]
[BlackElo "1751"]

1. b4 e5 2. c3 Nf6 3. d3 d5 4. e3 a6 5. Nf3 Nc6 6. Bb2 Bd6 7. Be2 h6 8. a3 b5 9.
O-O Bb7 10. Nh4 d4 0-1

[Event "AUTO-INT-3728"]
[Site "http://www.queenalice.com/game.php?id=1778336"]
[Date "2021.12.26"]
[Round "1"]
[White "zmanomega"]
[Black "saturnin"]
[Result "1-0"]
[WhiteElo "1627"]
[BlackElo "1493"]

1. e4 e5 2. d4 Qe7 3. d5 d6 4. Bb5+ c6 5. dxc6 Nxc6 6. Bc4 Be6 7. Bb5 a6 8. Bd3
g6 9. c3 Na5 10. b3 Nf6 11. b4 Nc4 12. Bg5 Bg7 13. Qb3 Nd2 14. Bxd2 1-0

[Event "AUTO-INT-3728"]
[Site "http://www.queenalice.com/game.php?id=1778337"]
[Date "2021.12.26"]
[Round "1"]
[White "saturnin"]
[Black "zmanomega"]
[Result "0-1"]
[WhiteElo "1482"]
[BlackElo "1638"]

1. e4 e5 2. g3 Bc5 3. Bg2 Nf6 4. c3 h5 5. d3 d6 6. d4 exd4 7. cxd4 Bb6 8. Ne2
Bg4 9. h3 Bd7 10. O-O h4 11. g4 Nxg4 12. hxg4 h3 13. Bf3 Qh4 0-1

[Event "AUTO-INT-3728"]
[Site "http://www.queenalice.com/game.php?id=1778344"]
[Date "2021.12.26"]
[Round "1"]
[White "saturnin"]
[Black "Ruusgugg"]
[Result "0-1"]
[WhiteElo "1457"]
[BlackElo "1461"]

1. d4 b5 2. c3 a5 3. e4 b4 4. cxb4 axb4 5. b3 Ra5 6. Bc4 e6 7. Nf3 d5 8. Bd3 f6
9. e5 f5 10. O-O h6 11. Bd2 Na6 0-1

[Event "AUTO-INT-3728"]
[Site "http://www.queenalice.com/game.php?id=1778345"]
[Date "2021.12.26"]
[Round "1"]
[White "Ruusgugg"]
[Black "saturnin"]
[Result "1-0"]
[WhiteElo "1477"]
[BlackElo "1441"]

1. d4 d5 2. f4 Nf6 3. Qd3 Ne4 4. b4 e6 5. b5 b6 6. g4 a6 7. bxa6 Bxa6 8. Qd1 c5
9. e3 cxd4 10. Bxa6 Nxa6 11. Nd2 1-0